Cestovný ruch a regionálny rozvoj

Závery a odporúčania, ktoré vyplynuli z rokovania konferencie "Cestovný ruch a regionálny rozvoj", ktorá sa konala v Pribyline v dňoch 9.-10. júna 2000. Poukázanie na sociálno-ekonomické účinky cestovného ruchu v regiónoch ako súčasti stratégie ich rozvoja.

Guardado en:
Detalles Bibliográficos
Autor principal: Gúčik, Marián
Formato: Capítulo de libro
Lenguaje:eslovaco
Materias:
Etiquetas: Agregar Etiqueta
Sin Etiquetas, Sea el primero en etiquetar este registro!

MARC

LEADER 00000naa a2200000 4500
001 r039735
005 20230724105531.1
041 0 |a slo 
044 |a SK 
245 1 0 |a Cestovný ruch a regionálny rozvoj  |c Marian Gúčik 
520 |a Závery a odporúčania, ktoré vyplynuli z rokovania konferencie "Cestovný ruch a regionálny rozvoj", ktorá sa konala v Pribyline v dňoch 9.-10. júna 2000. Poukázanie na sociálno-ekonomické účinky cestovného ruchu v regiónoch ako súčasti stratégie ich rozvoja. 
610 2 0 |a rozvoj regionálny 
610 2 0 |a ruch cestovný 
610 2 0 |a regióny 
610 2 0 |a Slovensko 
610 2 0 |a konferencie 
610 2 0 |a Pribylina 
610 2 0 |a jún 
610 2 0 |a 2000 
100 1 |a Gúčik, Marián